| 000 | 01195cam a22003257i 4500 | ||
|---|---|---|---|
| 001 | 17324256 | ||
| 003 | EG-ScBUE | ||
| 005 | 20250707085359.0 | ||
| 008 | 120530t2013 enka f b 001 0 eng d | ||
| 020 | _a9780199608119 (paperback) | ||
| 040 |
_aEG-ScBUE _beng _erda _cEG-ScBUE _dEG-ScBUE |
||
| 082 | 0 | 4 |
_a541 _222 _bATK |
| 100 | 1 |
_aAtkins, P. W. _q(Peter William), _d1940- _eauthor. _937442 |
|
| 245 | 1 | 0 |
_aElements of physical chemistry / _cPeter Atkins, University of Oxford, Julio De Paula, Lewis & Clark College, David Smith, University of Bristol. |
| 250 | _aSixth edition. | ||
| 264 | 1 |
_aOxford : _bOxford University Press, _c[2013] |
|
| 264 | 4 | _cc2013 | |
| 300 |
_axxiii, 591 pages : _bcolor illustrations ; _c27 cm |
||
| 336 |
_2rdacontent _atext _btxt |
||
| 337 |
_aunmediated _2rdamedia _bn |
||
| 338 |
_avolume _bnc _2rdacarrier |
||
| 500 | _aPrevious edition : 2009. | ||
| 504 | _aIncludes bibliographical references and index. | ||
| 650 | 7 |
_aChemistry, Physical and theoretical. _92007 _2BUEsh |
|
| 653 |
_bPPhrm _cFebruary2015 |
||
| 655 |
_vReading book _934232 |
||
| 700 | 1 |
_aDe Paula, Julio, _937443 _eauthor. |
|
| 700 | 1 |
_aSmith, David, _937444 _eauthor. |
|
| 942 |
_2ddc _cBB |
||
| 999 |
_c18992 _d18964 |
||